Statistics for Flag Maths

Click here to take the quiz!

General Stats

  • This quiz has been taken 442 times
    (410 since last reset)
  • The average score is 11 of 14

Answer Stats

EquationCountry Flag Made% Correct
Canada
99%
Mexico
94%
Croatia
91%
Lebanon
87%
Slovakia
86%
Egypt
85%
Slovenia
84%
Paraguay
75%
Andorra
74%
Ecuador
74%
Moldova
70%
Ghana
68%
Senegal
64%
Tajikistan
54%

Score Distribution

Percentile by Number Answered

Percent of People with Each Score

Your Score History

You have not taken this quiz since the last reset